[Event "Suwalki Warakomska Memorial-B 1st"]
[Site "Suwalki"]
[Date "2017.08.16"]
[Round "7"]
[White "Kowalec, Maciej"]
[Black "Kotlowski, Tomasz"]
[Result "1-0"]
[WhiteElo "2038"]
[BlackElo "2005"]
[PlyCount "41"]
[EventDate "2017.08.11"]
[EventType "swiss"]
[EventRounds "9"]
[EventCountry "POL"]
[SourceTitle "CBM 180 Extra"]
[Source "ChessBase"]
[SourceDate "2017.10.06"]
[SourceVersion "1"]
[SourceVersionDate "2017.10.06"]
[SourceQuality "1"]

1. e4 e5 2. Nf3 Nf6 3. Nxe5 Qe7 4. Nf3 Qxe4+ 5. Be2 Bb4 6. 0-0 0-0 7. d4 d5 8. Bd3 Qg4 9. h3 Qh5 10. Bf4 c6 11. c3 Ba5 12. Re1 Ne4 13. Bxe4 dxe4 14. Rxe4 Bxh3 15. Re5 Qg4 16. Bg3 Bd8 17. gxh3 Qxh3 18. Qf1 Qg4 19. Nbd2 f5 20. Qc4+ Kh8 21. Qf7 1-0

[Event "Teplice op 10th"]
[Site "Teplice"]
[Date "2015.06.20"]
[Round "8"]
[White "Kotlowski, Tomasz"]
[Black "Horak, Jiri"]
[Result "1/2-1/2"]
[WhiteElo "2043"]
[BlackElo "2181"]
[PlyCount "61"]
[EventDate "2015.06.13"]
[EventType "swiss"]
[EventRounds "9"]
[EventCountry "CZE"]
[SourceTitle "EXT 2017"]
[Source "ChessBase"]
[SourceDate "2016.10.25"]
[SourceVersion "1"]
[SourceVersionDate "2016.10.25"]
[SourceQuality "1"]

1. c4 c6 2. g3 d5 3. Bg2 Nf6 4. Nf3 e6 5. b3 Nbd7 6. Bb2 Bd6 7. 0-0 0-0 8. d3 b5 9. e4 dxe4 10. dxe4 Qc7 11. cxb5 cxb5 12. e5 Nxe5 13. Na3 Rb8 14. Nxe5 Bxe5 15. Rc1 Qd6 16. Qxd6 Bxd6 17. Rfd1 Bxa3 18. Bxa3 b4 19. Bb2 Ba6 20. Be5 Rbc8 21. Bd6 Rfd8 22. Bxb4 Rxd1+ 23. Rxd1 Nd5 24. Bxd5 exd5 25. f4 Bb7 26. Kf2 h6 27. Ke3 f6 28. Kd4 Kf7 29. Bc5 a6 30. Re1 Rc7 31. a4 1/2-1/2

[Event "Frydek Mistek op"]
[Site "Frydek Mistek"]
[Date "2015.04.04"]
[Round "5"]
[White "Kotlowski, Tomasz"]
[Black "Sipos, Istvan"]
[Result "0-1"]
[WhiteElo "2044"]
[BlackElo "2499"]
[PlyCount "56"]
[EventDate "2015.04.02"]
[EventType "swiss"]
[EventRounds "9"]
[EventCountry "CZE"]
[SourceTitle "CBM 165 Extra"]
[Source "ChessBase"]
[SourceDate "2015.04.21"]
[SourceVersion "1"]
[SourceVersionDate "2015.04.21"]
[SourceQuality "1"]

1. c4 Nf6 2. g3 c5 3. Bg2 Nc6 4. Nc3 g6 5. Nf3 Bg7 6. 0-0 0-0 7. b3 d5 8. cxd5 Nxd5 9. Bb2 Nc7 10. Na4 Bxb2 11. Nxb2 Rb8 12. Rc1 b6 13. Rc4 e5 14. Rh4 f6 15. Qc2 Bd7 16. Qc4+ Kg7 17. Bh3 Bxh3 18. Rxh3 Qd7 19. Kg2 Ne6 20. e3 h6 21. d3 b5 22. Qc3 Qd5 23. Re1 Nb4 24. Qd2 Rh8 25. Rh4 Ng5 26. e4 Nxf3 27. Kxf3 Qd4 28. Ke2 Rbd8 0-1

[Event "Tatry op"]
[Site "Tatranske Zruby"]
[Date "2014.10.05"]
[Round "9"]
[White "Kotlowski, Tomasz"]
[Black "Malik, Jan"]
[Result "1/2-1/2"]
[WhiteElo "2034"]
[BlackElo "2253"]
[PlyCount "76"]
[EventDate "2014.09.28"]
[EventType "swiss"]
[EventRounds "9"]
[EventCountry "SVK"]
[SourceTitle "CBM 162 Extra"]
[Source "ChessBase"]
[SourceDate "2014.10.17"]
[SourceVersion "1"]
[SourceVersionDate "2014.10.17"]
[SourceQuality "1"]

1. e4 c5 2. Nf3 d6 3. d4 cxd4 4. Nxd4 Nf6 5. f3 e5 6. Nb5 a6 7. N5a3 d5 8. exd5 Nxd5 9. c4 Bb4+ 10. Bd2 Bxd2+ 11. Qxd2 Nf4 12. Qxd8+ Kxd8 13. g3 Ne6 14. Nc3 Nc6 15. 0-0-0+ Ned4 16. Nc2 Bd7 17. Nxd4 Nxd4 18. Ne2 Nxe2+ 19. Bxe2 Kc7 20. Kd2 Bc6 21. Ke3 a5 22. Bd3 a4 23. Be4 Rad8 24. Bxc6 Kxc6 25. b4 axb3 26. axb3 Kc5 27. Ra1 Ra8 28. Kd3 Kb4 29. Kc2 Rhd8 30. Rhd1 Rxd1 31. Rxa8 Rf1 32. Rb8 Rf2+ 33. Kd1 Kxb3 34. Rxb7+ Kxc4 35. Rxf7 e4 36. Ke1 Rxh2 37. Rf4 Kd3 38. Rxe4 g6 1/2-1/2

[Event "Pobeskydy op"]
[Site "Frydek Mistek"]
[Date "2014.04.21"]
[Round "9"]
[White "Kotlowski, Tomasz"]
[Black "Erwich, Frank"]
[Result "0-1"]
[WhiteElo "2045"]
[BlackElo "2310"]
[PlyCount "42"]
[EventDate "2014.04.17"]
[EventType "swiss"]
[EventRounds "9"]
[EventCountry "CZE"]
[SourceTitle "CBM 159 Extra"]
[Source "ChessBase"]
[SourceDate "2014.04.24"]
[SourceVersion "1"]
[SourceVersionDate "2014.04.24"]
[SourceQuality "1"]

1. c4 Nf6 2. g3 e6 3. Bg2 d5 4. b3 dxc4 5. bxc4 Qd4 6. Qb3 Qxa1 7. Nf3 Nfd7 8. d4 Nc6 9. e3 a5 10. Nfd2 a4 11. Qd1 Bb4 12. Qc2 Nxd4 13. exd4 Qxd4 14. Bb2 Qg4 15. h3 Qg6 16. Be4 f5 17. Bd3 0-0 18. 0-0 b6 19. Nf3 Bb7 20. Ne5 Nxe5 21. Bxe5 Qh5 0-1

[Event "Pobeskydy op"]
[Site "Frydek Mistek"]
[Date "2014.04.20"]
[Round "7"]
[White "Kotlowski, Tomasz"]
[Black "Novotny, Michal"]
[Result "0-1"]
[WhiteElo "2045"]
[BlackElo "2245"]
[PlyCount "100"]
[EventDate "2014.04.17"]
[EventType "swiss"]
[EventRounds "9"]
[EventCountry "CZE"]
[SourceTitle "CBM 159 Extra"]
[Source "ChessBase"]
[SourceDate "2014.04.24"]
[SourceVersion "1"]
[SourceVersionDate "2014.04.24"]
[SourceQuality "1"]

1. c4 e6 2. g3 d5 3. Bg2 c6 4. b3 Nf6 5. Bb2 Be7 6. Nf3 0-0 7. 0-0 Qb6 8. d3 Rd8 9. Nbd2 a5 10. a3 Bd7 11. Qc2 c5 12. d4 Na6 13. Ne5 Be8 14. e3 a4 15. dxc5 axb3 16. Qxh7+ Nxh7 17. cxb6 f6 18. Nef3 Nc5 19. Nd4 dxc4 20. Nxc4 e5 21. Nf5 Bf8 22. Rfd1 Bh5 23. Nfd6 Bxd6 24. Rxd6 Ng5 25. f4 exf4 26. exf4 Nf3+ 27. Bxf3 Bxf3 28. Bd4 Na4 29. Kf2 Bc6 30. Rb1 Rxd6 31. Nxd6 Rd8 32. Nf5 Be4 33. Rxb3 Bxf5 34. Rb4 Bd7 35. g4 Bc6 36. g5 Kf7 37. h4 fxg5 38. fxg5 Kg6 39. Kg3 Nc3 40. h5+ Kxg5 41. Bxg7 Ne4+ 42. Kf3 Nf6+ 43. Kf2 Nxh5 44. Be5 Kf5 45. Bc7 Rd3 46. Rc4 Bd5 47. Ra4 Nf6 48. Ra8 Ne4+ 49. Ke2 Bc4 50. Ke1 Rb3 0-1

[Event "Pobeskydy op"]
[Site "Frydek Mistek"]
[Date "2014.04.19"]
[Round "6"]
[White "Kotlowski, Tomasz"]
[Black "Rabatin, Jakub"]
[Result "1/2-1/2"]
[WhiteElo "2045"]
[BlackElo "2233"]
[PlyCount "49"]
[EventDate "2014.04.17"]
[EventType "swiss"]
[EventRounds "9"]
[EventCountry "CZE"]
[SourceTitle "CBM 159 Extra"]
[Source "ChessBase"]
[SourceDate "2014.04.24"]
[SourceVersion "1"]
[SourceVersionDate "2014.04.24"]
[SourceQuality "1"]

1. e4 c5 2. Nf3 Nc6 3. d4 cxd4 4. Nxd4 Nf6 5. f3 e5 6. Nb5 d6 7. c4 a6 8. N5c3 Be7 9. Be3 0-0 10. Be2 Be6 11. Nd5 Nd7 12. Qd2 Bxd5 13. cxd5 Nd4 14. Nc3 Bf6 15. 0-0 b5 16. Rfc1 Qa5 17. Bd1 Nc5 18. Rab1 b4 19. Ne2 Nxe2+ 20. Bxe2 Rfc8 21. a3 Rcb8 22. axb4 Rxb4 23. Bxc5 dxc5 24. Rc4 Qb6 25. Rxb4 1/2-1/2

[Event "Pobeskydy op"]
[Site "Frydek Mistek"]
[Date "2014.04.17"]
[Round "1"]
[White "Djaballah, Farouk"]
[Black "Kotlowski, Tomasz"]
[Result "1-0"]
[WhiteElo "2049"]
[BlackElo "2045"]
[PlyCount "65"]
[EventDate "2014.04.17"]
[EventType "swiss"]
[EventRounds "9"]
[EventCountry "CZE"]
[SourceTitle "CBM 159 Extra"]
[Source "ChessBase"]
[SourceDate "2014.04.24"]
[SourceVersion "1"]
[SourceVersionDate "2014.04.24"]
[SourceQuality "1"]

1. e4 d6 2. d4 Nf6 3. Nc3 g6 4. Bg5 Bg7 5. f4 0-0 6. Qd2 Na6 7. Nf3 c5 8. d5 Bg4 9. 0-0-0 Bxf3 10. gxf3 Nd7 11. h4 h6 12. h5 hxg5 13. hxg6 fxg6 14. Qh2 Nf6 15. Bh3 Nc7 16. fxg5 Nh5 17. Bg4 Be5 18. Qh3 Kg7 19. Bxh5 gxh5 20. Ne2 Qe8 21. c3 b5 22. g6 Rh8 23. f4 Bf6 24. Ng3 h4 25. Nf5+ Kg8 26. Qg4 b4 27. e5 dxe5 28. fxe5 Bxe5 29. Rxh4 bxc3 30. Rxh8+ Bxh8 31. g7 cxb2+ 32. Kb1 Kf7 33. Nh6+ 1-0

[Event "Tatry op"]
[Site "Tatranske Zruby"]
[Date "2013.10.04"]
[Round "7"]
[White "Kotlowski, Tomasz"]
[Black "Dolezal, Radoslav"]
[Result "1/2-1/2"]
[WhiteElo "2033"]
[BlackElo "2368"]
[PlyCount "45"]
[EventDate "2013.09.29"]
[EventType "swiss"]
[EventRounds "9"]
[EventCountry "SVK"]
[SourceTitle "CBM 156 Extra"]
[Source "ChessBase"]
[SourceDate "2013.10.22"]
[SourceVersion "1"]
[SourceVersionDate "2013.10.22"]
[SourceQuality "1"]

1. e4 d6 2. d4 Nf6 3. Nc3 c6 4. f4 Qa5 5. Bd3 Bg4 6. Nf3 d5 7. 0-0 dxe4 8. Nxe4 Nbd7 9. h3 Bxf3 10. Qxf3 e6 11. f5 e5 12. Nxf6+ gxf6 13. c3 Bd6 14. b4 Qc7 15. Bc4 h5 16. Be3 Nb6 17. Bb3 0-0-0 18. dxe5 Bxe5 19. Kh1 Nd5 20. Bxd5 Rxd5 21. c4 Rd3 22. Rad1 Rhd8 23. Rxd3 1/2-1/2

[Event "Tatry op"]
[Site "Tatranske Zruby"]
[Date "2013.10.03"]
[Round "6"]
[White "Vojtek, Vladimir"]
[Black "Kotlowski, Tomasz"]
[Result "1-0"]
[WhiteElo "2281"]
[BlackElo "2033"]
[PlyCount "61"]
[EventDate "2013.09.29"]
[EventType "swiss"]
[EventRounds "9"]
[EventCountry "SVK"]
[SourceTitle "CBM 156 Extra"]
[Source "ChessBase"]
[SourceDate "2013.10.22"]
[SourceVersion "1"]
[SourceVersionDate "2013.10.22"]
[SourceQuality "1"]

1. e4 g6 2. d4 Bg7 3. Nc3 d6 4. Nf3 Nf6 5. Be3 0-0 6. Qd2 c6 7. 0-0-0 Qa5 8. Bh6 b5 9. Bxg7 Kxg7 10. e5 Ng4 11. h3 Nh6 12. a3 Na6 13. Ne4 Qxd2+ 14. Rxd2 Bf5 15. Nc3 Nc7 16. g4 Be6 17. Ng5 dxe5 18. dxe5 Rad8 19. Bg2 Rxd2 20. Kxd2 Nd5 21. Rd1 a5 22. Bxd5 Bxd5 23. Ke3 e6 24. Rd3 Ng8 25. Nxd5 exd5 26. Kd4 h6 27. Nf3 Ne7 28. Kc5 Rb8 29. Nd4 Kf8 30. Rf3 Ke8 31. Rf6 1-0

[Event "Tatry op"]
[Site "Tatranske Zruby"]
[Date "2013.10.02"]
[Round "5"]
[White "Kotlowski, Tomasz"]
[Black "Kernazhitsky, Leonid"]
[Result "1-0"]
[WhiteElo "2033"]
[BlackElo "2268"]
[PlyCount "141"]
[EventDate "2013.09.29"]
[EventType "swiss"]
[EventRounds "9"]
[EventCountry "SVK"]
[SourceTitle "CBM 156 Extra"]
[Source "ChessBase"]
[SourceDate "2013.10.22"]
[SourceVersion "1"]
[SourceVersionDate "2013.10.22"]
[SourceQuality "1"]

1. e4 c5 2. Nf3 Nc6 3. d4 cxd4 4. Nxd4 Nf6 5. f3 e5 6. Nb5 d6 7. c4 Be7 8. Be3 0-0 9. Qd2 Ne8 10. N1c3 a6 11. Na3 h6 12. Nd5 Bg5 13. Bxg5 Qxg5 14. Qxg5 hxg5 15. 0-0-0 Be6 16. Nc2 f6 17. Be2 Kf7 18. b3 Rh8 19. Kb2 Rc8 20. g3 g6 21. Nb6 Rd8 22. Rd2 Ng7 23. Bd3 Rh3 24. Rf1 Rdh8 25. Rff2 Bc8 26. Nxc8 Rxc8 27. Bf1 Rhh8 28. Rxd6 Rcd8 29. Rxd8 Rxd8 30. Ne3 Ne6 31. Nd5 Ne7 32. Bh3 Nc5 33. Kc3 a5 34. Nxe7 Rd3+ 35. Kc2 Kxe7 36. Bf1 Rd8 37. Bh3 Nd3 38. Re2 Nb4+ 39. Kb2 Rd3 40. Bg4 b6 41. a3 Nc6 42. Kc2 Rxb3 43. Kxb3 Nd4+ 44. Ka4 Nxe2 45. Kb5 f5 46. exf5 gxf5 47. Bh5 Nc3+ 48. Kxb6 a4 49. c5 e4 50. fxe4 fxe4 51. Kb7 Nb5 52. Be2 Nxa3 53. c6 Nb5 54. Bxb5 a3 55. c7 a2 56. c8Q a1Q 57. Qe8+ Kd6 58. Qxe4 Qg7+ 59. Kb6 Qc7+ 60. Ka6 Qc8+ 61. Qb7 Qc1 62. Qd7+ Ke5 63. Qe7+ Kd4 64. Kb6 Kd5 65. Bc4+ Qxc4 66. Qf7+ Kd4 67. Qxc4+ Kxc4 68. Kc6 Kd4 69. Kd6 Ke4 70. Ke6 g4 71. Kf6 1-0

[Event "Tatry op"]
[Site "Tatranske Zruby"]
[Date "2013.10.01"]
[Round "4"]
[White "Jossien, Remy"]
[Black "Kotlowski, Tomasz"]
[Result "0-1"]
[WhiteElo "2288"]
[BlackElo "2033"]
[PlyCount "56"]
[EventDate "2013.09.29"]
[EventType "swiss"]
[EventRounds "9"]
[EventCountry "SVK"]
[SourceTitle "CBM 156 Extra"]
[Source "ChessBase"]
[SourceDate "2013.10.22"]
[SourceVersion "1"]
[SourceVersionDate "2013.10.22"]
[SourceQuality "1"]

1. e4 g6 2. d4 Bg7 3. Nc3 d6 4. f4 Nf6 5. Nf3 0-0 6. e5 dxe5 7. fxe5 Nd5 8. Bc4 Be6 9. Bb3 c5 10. Ng5 cxd4 11. Qxd4 Nc6 12. Qh4 h5 13. Nxe6 fxe6 14. Bd2 Nxc3 15. Bxc3 Bh6 16. Rd1 Qb6 17. Rd3 Rf4 18. Qg3 Kh7 19. Kd1 Rg4 20. Qh3 Qf2 21. g3 Rd8 22. Qf1 Qe3 23. Qf7+ Kh8 24. Rxd8+ Nxd8 25. Qe8+ Kg7 26. Qxe7+ Nf7 27. Qf6+ Kg8 28. Re1 Rd4+ 0-1

[Event "SVK-ch op"]
[Site "Banska Stiavnica"]
[Date "2013.07.06"]
[Round "1"]
[White "Jurcik, Martin"]
[Black "Kotlowski, Tomasz"]
[Result "1-0"]
[WhiteElo "2358"]
[BlackElo "2063"]
[PlyCount "95"]
[EventDate "2013.07.06"]
[EventType "swiss"]
[EventRounds "9"]
[EventCountry "SVK"]
[SourceTitle "CBM 155 Extra"]
[Source "ChessBase"]
[SourceDate "2013.08.26"]
[SourceVersion "1"]
[SourceVersionDate "2013.08.26"]
[SourceQuality "1"]

1. e4 g6 2. d4 d6 3. Nc3 Bg7 4. Be3 c6 5. Qd2 b5 6. h3 Nd7 7. f4 Nb6 8. e5 b4 9. Ne4 Nd5 10. Bd3 Nh6 11. Nf3 Nxe3 12. Qxe3 0-0 13. 0-0 Bf5 14. g4 Bxe4 15. Bxe4 Rc8 16. f5 dxe5 17. dxe5 Qb6 18. Qxb6 axb6 19. Rfd1 gxf5 20. gxf5 Rfd8 21. Kf2 c5 22. Ke2 Kf8 23. Rxd8+ Rxd8 24. a4 Ke8 25. Bc6+ Kf8 26. Be4 Ke8 27. a5 bxa5 28. Rxa5 Rc8 29. Rb5 Kd7 30. b3 Ng8 31. Kd3 Bh6 32. Kc4 Be3 33. Rb7+ Kd8 34. Ra7 h5 35. Ra1 Nh6 36. Ra7 Rc7 37. Ra8+ Rc8 38. Rxc8+ Kxc8 39. Kd5 Kd7 40. e6+ fxe6+ 41. fxe6+ Kc7 42. Bh7 Kb6 43. Ne5 Kb5 44. Nd7 Bf2 45. Bd3+ Ka5 46. Kc6 Bd4 47. Nb6 Ng8 48. Bb5 1-0

[Event "Tatry op"]
[Site "Tatranske Zruby"]
[Date "2012.09.29"]
[Round "8"]
[White "Kotlowski, Tomasz"]
[Black "Jedlicka, Ales"]
[Result "1-0"]
[WhiteElo "2034"]
[BlackElo "2224"]
[PlyCount "77"]
[EventDate "2012.09.23"]
[EventType "swiss"]
[EventRounds "9"]
[EventCountry "SVK"]
[SourceTitle "CBM 150 Extra"]
[Source "ChessBase"]
[SourceDate "2012.10.19"]
[SourceVersion "1"]
[SourceVersionDate "2012.10.19"]
[SourceQuality "1"]

1. c4 Nf6 2. g3 e6 3. Nf3 d5 4. Bg2 Be7 5. 0-0 dxc4 6. Qa4+ Nbd7 7. Ne5 0-0 8. Nxd7 Nxd7 9. Qxc4 a6 10. d4 c5 11. Be3 Nb6 12. Qd3 cxd4 13. Bxd4 Nd5 14. e4 Nb4 15. Qc3 f6 16. e5 f5 17. Na3 Nd5 18. Qb3 b5 19. Rfd1 Bb7 20. Nc4 f4 21. Nb6 Rb8 22. Rac1 f3 23. Bh3 Kh8 24. Bxe6 Nxb6 25. Bc5 Qe8 26. Bxb6 Bc8 27. Bxc8 Rxb6 28. Bg4 Qa8 29. Rd5 Bg5 30. Rcd1 Qc6 31. Bxf3 Qc4 32. Kg2 Qxb3 33. axb3 Re6 34. Be4 g6 35. f4 Be7 36. Rd7 Bb4 37. Ra7 Bc5 38. Rc7 Bb6 39. Rb7 1-0

[Event "Tatry op"]
[Site "Tatranske Zruby"]
[Date "2012.09.28"]
[Round "7"]
[White "Kotlowski, Tomasz"]
[Black "Simoncic, Ladislav"]
[Result "1-0"]
[WhiteElo "2034"]
[BlackElo "1793"]
[PlyCount "29"]
[EventDate "2012.09.23"]
[EventType "swiss"]
[EventRounds "9"]
[EventCountry "SVK"]
[SourceTitle "CBM 150 Extra"]
[Source "ChessBase"]
[SourceDate "2012.10.19"]
[SourceVersion "1"]
[SourceVersionDate "2012.10.19"]
[SourceQuality "1"]

1. e4 e5 2. Nf3 Nc6 3. Bc4 Bc5 4. Nc3 Nf6 5. d3 h6 6. h3 0-0 7. Be3 Bxe3 8. fxe3 d6 9. 0-0 Re8 10. Nh4 Na5 11. Bxf7+ Kxf7 12. Qh5+ Kg8 13. Rxf6 Qe7 14. Nd5 Qd7 15. Rxh6 1-0

[Event "Tatry op"]
[Site "Tatranske Zruby"]
[Date "2012.09.27"]
[Round "6"]
[White "Jasny, Stanislav"]
[Black "Kotlowski, Tomasz"]
[Result "1-0"]
[WhiteElo "2296"]
[BlackElo "2034"]
[PlyCount "23"]
[EventDate "2012.09.23"]
[EventType "swiss"]
[EventRounds "9"]
[EventCountry "SVK"]
[SourceTitle "CBM 150 Extra"]
[Source "ChessBase"]
[SourceDate "2012.10.19"]
[SourceVersion "1"]
[SourceVersionDate "2012.10.19"]
[SourceQuality "1"]

1. d4 d5 2. c4 e6 3. Nc3 Nf6 4. cxd5 exd5 5. Bg5 Be7 6. e3 c6 7. Bd3 Bg4 8. Qc2 Nbd7 9. h3 Bh5 10. f4 Ne4 11. Bxe7 Qxe7 12. Bxe4 1-0

[Event "Tatry op"]
[Site "Tatranske Zruby"]
[Date "2012.09.26"]
[Round "5"]
[White "Petran, Peter"]
[Black "Kotlowski, Tomasz"]
[Result "1-0"]
[WhiteElo "2277"]
[BlackElo "2034"]
[PlyCount "57"]
[EventDate "2012.09.23"]
[EventType "swiss"]
[EventRounds "9"]
[EventCountry "SVK"]
[SourceTitle "CBM 150 Extra"]
[Source "ChessBase"]
[SourceDate "2012.10.19"]
[SourceVersion "1"]
[SourceVersionDate "2012.10.19"]
[SourceQuality "1"]

1. g3 h5 2. Nf3 Nf6 3. Bg2 d5 4. d3 Bd7 5. Nbd2 Qc8 6. h3 c5 7. Ne5 Nc6 8. Nxd7 Qxd7 9. e4 e6 10. 0-0 0-0-0 11. f4 Be7 12. c3 h4 13. g4 dxe4 14. dxe4 e5 15. f5 Qd3 16. Qf3 Qc2 17. Nc4 Rd3 18. Ne3 Qa4 19. Qe2 Qa6 20. Nd5 c4 21. Nxe7+ Nxe7 22. Bg5 Rhd8 23. Qf2 Rg3 24. Rae1 Rdd3 25. Bxh4 Rxh3 26. Bxh3 Rxh3 27. Qc5+ Kd7 28. Rd1+ Ke8 29. Qxe5 1-0

[Event "Tatry op"]
[Site "Tatranske Zruby"]
[Date "2012.09.25"]
[Round "3"]
[White "Klemanic, Emil"]
[Black "Kotlowski, Tomasz"]
[Result "1-0"]
[WhiteElo "2209"]
[BlackElo "2034"]
[PlyCount "45"]
[EventDate "2012.09.23"]
[EventType "swiss"]
[EventRounds "9"]
[EventCountry "SVK"]
[SourceTitle "CBM 150 Extra"]
[Source "ChessBase"]
[SourceDate "2012.10.19"]
[SourceVersion "1"]
[SourceVersionDate "2012.10.19"]
[SourceQuality "1"]

1. d4 d5 2. Nf3 Nf6 3. c4 Bf5 4. Nc3 e6 5. Bg5 Bb4 6. Qb3 c5 7. dxc5 Na6 8. cxd5 Qxd5 9. Qa4+ Nd7 10. c6 Bxc3+ 11. bxc3 Ndc5 12. Qd4 Qxd4 13. cxd4 Na4 14. cxb7 Rb8 15. e3 Nb4 16. Bb5+ Kf8 17. Rc1 f6 18. Rc8+ Ke7 19. Rc7+ Kd8 20. Rd7+ Ke8 21. Rxg7+ Kf8 22. Bh6 Nc2+ 23. Kf1 1-0

[Event "Tatry op"]
[Site "Tatranske Zruby"]
[Date "2012.09.23"]
[Round "1"]
[White "Klein, Gernot"]
[Black "Kotlowski, Tomasz"]
[Result "0-1"]
[WhiteElo "1963"]
[BlackElo "2034"]
[PlyCount "102"]
[EventDate "2012.09.23"]
[EventType "swiss"]
[EventRounds "9"]
[EventCountry "SVK"]
[SourceTitle "CBM 150 Extra"]
[Source "ChessBase"]
[SourceDate "2012.10.19"]
[SourceVersion "1"]
[SourceVersionDate "2012.10.19"]
[SourceQuality "1"]

1. e4 g6 2. d4 d6 3. Nc3 Bg7 4. Bg5 Nf6 5. Qd2 c6 6. f4 b5 7. Bd3 0-0 8. Nf3 b4 9. Ne2 a5 10. 0-0 Ba6 11. Kh1 c5 12. e5 c4 13. exf6 exf6 14. Bxc4 Bxc4 15. Bh4 Qb6 16. b3 Ba6 17. Rfe1 f5 18. Rad1 Bb7 19. Neg1 Nd7 20. Re7 Nf6 21. Bxf6 Bxf6 22. Re3 Qc7 23. c4 d5 24. Ne5 dxc4 25. bxc4 Bxe5 26. Rxe5 Qxc4 27. Rc1 Qa6 28. Ne2 Rac8 29. Rec5 Rxc5 30. dxc5 Qf6 31. Qd4 Qe6 32. Qd2 Rc8 33. Nd4 Qd5 34. Nb3 a4 35. Qxd5 Bxd5 36. Nd4 Bxa2 37. Nb5 b3 38. Na3 b2 39. Rc3 b1Q+ 40. Nxb1 Bxb1 41. Kg1 Be4 42. Kf2 Kf8 43. g3 Ke7 44. Ke3 Ra8 45. Ra3 Kd7 46. Kd4 Kc6 47. Kc4 Bd5+ 48. Kd4 Bb3 49. Ra1 a3 50. Kc3 Bd5 51. Kb4 a2 0-1

[Event "Gdansk op 14th"]
[Site "Gdansk"]
[Date "2012.07.27"]
[Round "7"]
[White "Olejarczyk, Bogdan"]
[Black "Kotlowski, Tomasz"]
[Result "1/2-1/2"]
[WhiteElo "2117"]
[BlackElo "1995"]
[PlyCount "45"]
[EventDate "2012.07.22"]
[EventType "swiss"]
[EventRounds "9"]
[EventCountry "POL"]
[SourceTitle "CBM 149 Extra"]
[Source "ChessBase"]
[SourceDate "2012.08.24"]
[SourceVersion "1"]
[SourceVersionDate "2012.08.24"]
[SourceQuality "1"]

1. d4 Nf6 2. Nf3 d6 3. Bf4 g6 4. e3 Bg7 5. h3 0-0 6. Be2 Nfd7 7. Nc3 e5 8. Bh2 Nc6 9. 0-0 h6 10. Qd2 Nb6 11. Rfd1 Bf5 12. dxe5 Nxe5 13. Nxe5 dxe5 14. e4 Be6 15. Nd5 c6 16. Nxb6 Qxd2 17. Rxd2 axb6 18. a3 Rfd8 19. Rad1 Rxd2 20. Rxd2 f6 21. Bg4 Kf7 22. Kf1 Bxg4 23. hxg4 1/2-1/2

[Event "Gdansk op 14th"]
[Site "Gdansk"]
[Date "2012.07.26"]
[Round "6"]
[White "Kotlowski, Tomasz"]
[Black "Zielinski, Stanislaw"]
[Result "1/2-1/2"]
[WhiteElo "1995"]
[BlackElo "2139"]
[PlyCount "62"]
[EventDate "2012.07.22"]
[EventType "swiss"]
[EventRounds "9"]
[EventCountry "POL"]
[SourceTitle "CBM 149 Extra"]
[Source "ChessBase"]
[SourceDate "2012.08.24"]
[SourceVersion "1"]
[SourceVersionDate "2012.08.24"]
[SourceQuality "1"]

1. d4 d5 2. Nf3 Nf6 3. Bg5 Nbd7 4. e3 e6 5. c4 Be7 6. Nc3 c6 7. Bd3 0-0 8. 0-0 dxc4 9. Bxc4 b5 10. Bb3 a6 11. Qd3 c5 12. Bc2 c4 13. Qe2 Bb7 14. e4 b4 15. e5 bxc3 16. exf6 Bxf6 17. Bxf6 Qxf6 18. bxc3 Bxf3 19. gxf3 Nb6 20. Be4 Nd5 21. Bxd5 exd5 22. Rfe1 Qc6 23. f4 Rae8 24. Qf3 Re4 25. Rxe4 dxe4 26. Qd1 Rb8 27. d5 Qf6 28. Qd2 Rd8 29. Rd1 Rd6 30. Qe3 Qh4 31. Rb1 Rxd5 1/2-1/2

[Event "Lazy op 8th"]
[Site "Lazy"]
[Date "2012.07.04"]
[Round "5"]
[White "Krainski, Slawomir"]
[Black "Kotlowski, Tomasz"]
[Result "1/2-1/2"]
[WhiteElo "2125"]
[BlackElo "1988"]
[PlyCount "52"]
[EventDate "2012.06.30"]
[EventType "swiss"]
[EventRounds "9"]
[EventCountry "POL"]
[SourceTitle "CBM 149 Extra"]
[Source "ChessBase"]
[SourceDate "2012.08.24"]
[SourceVersion "1"]
[SourceVersionDate "2012.08.24"]
[SourceQuality "1"]

1. b3 g6 2. Bb2 Nf6 3. Bxf6 exf6 4. c4 d5 5. cxd5 Qxd5 6. Nc3 Qa5 7. a3 c6 8. Nf3 Bg7 9. e3 0-0 10. b4 Qc7 11. d4 f5 12. g3 a5 13. Be2 axb4 14. axb4 Rxa1 15. Qxa1 Qe7 16. Qa5 Nd7 17. 0-0 b6 18. Qa3 Re8 19. Qb3 Bb7 20. Ra1 Ra8 21. Rxa8+ Bxa8 22. Qa4 Qd8 23. Qa7 c5 24. bxc5 bxc5 25. Nb5 cxd4 26. Nfxd4 Bf8 1/2-1/2

[Event "Lazy op 8th"]
[Site "Lazy"]
[Date "2012.07.02"]
[Round "3"]
[White "Kotlowski, Tomasz"]
[Black "Antonov, Alexandr1111"]
[Result "0-1"]
[WhiteElo "1988"]
[BlackElo "2119"]
[PlyCount "68"]
[EventDate "2012.06.30"]
[EventType "swiss"]
[EventRounds "9"]
[EventCountry "POL"]
[SourceTitle "CBM 149 Extra"]
[Source "ChessBase"]
[SourceDate "2012.08.24"]
[SourceVersion "1"]
[SourceVersionDate "2012.08.24"]
[SourceQuality "1"]

1. e4 c5 2. Nc3 Nc6 3. f4 g6 4. Nf3 Bg7 5. Bc4 e6 6. f5 Nge7 7. fxe6 dxe6 8. d3 0-0 9. Be3 Nd4 10. 0-0 Nec6 11. Qd2 Nxf3+ 12. gxf3 Bd4 13. Kh1 Bxe3 14. Qxe3 Nd4 15. Rf2 b6 16. Rg1 Kg7 17. h4 f5 18. h5 f4 19. Qe1 e5 20. Bd5 Rb8 21. Qf1 b5 22. Rh2 Rb6 23. Nd1 Rd6 24. c3 Rxd5 25. hxg6 hxg6 26. Qg2 Rd6 27. cxd4 cxd4 28. Nf2 Rc6 29. Nh3 Bxh3 30. Rxh3 Rh8 31. Qh2 Qc8 32. Rg4 Qxg4 33. fxg4 Rc1+ 34. Kg2 Rc2+ 0-1

[Event "Lazy op 8th"]
[Site "Lazy"]
[Date "2012.07.01"]
[Round "2"]
[White "Jacek, Krystian"]
[Black "Kotlowski, Tomasz"]
[Result "0-1"]
[WhiteElo "2074"]
[BlackElo "1988"]
[PlyCount "84"]
[EventDate "2012.06.30"]
[EventType "swiss"]
[EventRounds "9"]
[EventCountry "POL"]
[SourceTitle "CBM 149 Extra"]
[Source "ChessBase"]
[SourceDate "2012.08.24"]
[SourceVersion "1"]
[SourceVersionDate "2012.08.24"]
[SourceQuality "1"]

1. e4 d6 2. d4 g6 3. Nc3 Bg7 4. f4 Nf6 5. Nf3 0-0 6. e5 dxe5 7. fxe5 Nd5 8. Bd3 Nxc3 9. bxc3 c5 10. Be3 Nc6 11. 0-0 Bg4 12. Be4 Qa5 13. Qe1 cxd4 14. cxd4 Qxe1 15. Rfxe1 Rac8 16. h3 Bf5 17. Bxf5 gxf5 18. c4 Nb4 19. Rec1 b5 20. Rab1 Nd3 21. Rc3 bxc4 22. Rb7 e6 23. Rxa7 f6 24. exf6 Bxf6 25. Bg5 Bxg5 26. Nxg5 Nf4 27. Kf1 h6 28. Nf3 Nd5 29. Rc1 c3 30. Kf2 Ra8 31. Rxa8 Rxa8 32. Rc2 Ra3 33. Ne1 Kf7 34. Nd3 Ra4 35. Ne5+ Kf6 36. Nf3 Rc4 37. a3 Ra4 38. Re2 Rxa3 39. Ne1 Ra4 40. Nf3 Rc4 41. g3 Nb4 42. Re1 c2 0-1